00577 2200217 4500001002100000005001700021008004100038035002400079082001200103090002200115100001300137245006000150260002800210300002400238650003500262850001500297980001300312985000600325986001300331999001500344YOGYA-0209000003334620090227024752.0 ind  0010-020900000033346 a370.193 a370.193bDro RlT aDROST, J aReformasi pengajaranbSalah asuhan orang tua?cJ. Drost aJakartabGrasindoc2000 aviii, 56 hlmc21 cm aPendidikan - Pengaruh keluarga aYOPDYOG(B) a29-08-06 a1 aSusi-Ati a00P0005383